JACK LONDON /

TRADUCCION DE: JACK LONDON

Guardado en:
Bibliografiske detaljer
Hovedforfatter: O'Connor, Richard (autor)
Format: Bog
Serier:MODERNA ; 87
Fag:
Tags: Tilføj Tag
Ingen Tags, Vær først til at tagge denne postø!

MARC

LEADER 00000nam^a2200000^a^4500
001 000242454
005 20250521000000.0
009 20260310105258.476
035 |a 065487 
037 |a Acervo Xavier Clavigero 
082 |a 810. 092  |b OCO 
100 |a O'Connor, Richard  |e (autor) 
245 1 0 |a JACK LONDON /  |c RICHARD O'CONNOR ; TR. JOSE MEZA NIETO 
264 |a MEXICO :  |b DIANA,  |c 1967 
300 |a 494 p. 
336 |a texto  |b txt  |2 rdacontenido 
337 |a sin mediación  |b n  |2 rdamedio 
338 |a volumen  |b nc  |2 rdasoporte 
440 |a MODERNA ;  |v 87 
520 |a TRADUCCION DE: JACK LONDON 
649 |a XX 
650 |a LONDON, JACK, 1876-1916 -  |x BIOGRAFIA 
650 |a Escritores Norteamericanos 
910 |a Fondo General 
920 |a Impresos - Libros 
930 |a Colección General 
940 |a Literatura 
905 |a 101 
901 |a 065487  |b IT1  |c LIT  |i 065487  |u 20250521 
902 |a https://opac.biblio.iteso.mx/vufind/Record/000242454